000 00333 a2200157 4500
001 152934
040 _cEscola São Tomás de Aquino
100 _aMACHADO, Ana Maria
240 1 0 _aJoão Bobo
_lpor
245 1 0 _aJoão Bobo
300 _a29
362 0 _a2004
440 1 _aFTD
697 _a*LITERATURA INFANTO
942 _cBK
999 _c152934
_d152934